[Event "ESP-chT CECLUB Div2"]
[Site "Linares"]
[Date "2018.08.15"]
[Round "3.7"]
[White "Labiano Hernandez, Juan"]
[Black "Escudero Manzano, Sergio"]
[Result "0-1"]
[WhiteElo "1917"]
[BlackElo "2215"]
[PlyCount "76"]
[EventDate "2018.08.14"]
[EventType "team-swiss"]
[EventRounds "7"]
[EventCountry "ESP"]
[SourceTitle "CBM 186 Extra"]
[Source "ChessBase"]
[SourceDate "2018.08.24"]
[SourceVersion "1"]
[SourceVersionDate "2018.08.24"]
[SourceQuality "1"]
[WhiteTeam "Oberena"]
[BlackTeam "Beniajan Duochess CAC II"]
[WhiteTeamCountry "ESP"]
[BlackTeamCountry "ESP"]

1. e4 c5 2. Nf3 e6 3. b3 d5 4. Bb5+ Bd7 5. Bxd7+ Qxd7 6. exd5 exd5 7. 0-0 Nc6 8. d4 cxd4 9. Nxd4 Bc5 10. Nxc6 bxc6 11. Bb2 Ne7 12. Nd2 0-0 13. Qf3 Nf5 14. Rad1 Qe6 15. Rfe1 Qg6 16. c4 Rad8 17. cxd5 Rxd5 18. Ne4 Nd4 19. Qd3 Bb4 20. Rf1 Re8 21. Bxd4 Rxe4 22. Qc4 Bd6 23. g3 h6 24. Qc3 Re2 25. Qxc6 Rh5 26. Rfe1 Rxa2 27. Re8+ Kh7 28. Qa8 Qg4 29. Qe4+ Qxe4 30. Rxe4 Rd5 31. Ree1 Bb4 32. Rf1 a5 33. Be3 Rxd1 34. Rxd1 Ra3 35. Rb1 Kg6 36. Kg2 Kf5 37. Bd4 g6 38. Re1 Bxe1 0-1

[Event "ESP-chT CECLUB Div2"]
[Site "Linares"]
[Date "2017.08.09"]
[Round "2.5"]
[White "Perez Gonzalez, Jose Manuel"]
[Black "Escudero Manzano, Sergio"]
[Result "1-0"]
[WhiteElo "2314"]
[BlackElo "2234"]
[PlyCount "65"]
[EventDate "2017.08.08"]
[EventType "team"]
[EventRounds "7"]
[EventCountry "ESP"]
[SourceTitle "CBM 179 Extra"]
[Source "ChessBase"]
[SourceDate "2017.08.23"]
[SourceVersion "1"]
[SourceVersionDate "2017.08.23"]
[SourceQuality "1"]
[WhiteTeam "Liberty Chess"]
[BlackTeam "Beniajan Duochess CAC II"]
[WhiteTeamCountry "ESP"]
[BlackTeamCountry "ESP"]

1. e4 c5 2. Nc3 Nc6 3. Nf3 e6 4. d4 cxd4 5. Nxd4 Qc7 6. Be3 a6 7. Qd2 Nf6 8. 0-0-0 Bb4 9. f3 Ne5 10. Nb3 b5 11. Qe1 Bxc3 12. Qxc3 Qxc3 13. bxc3 0-0 14. Bc5 Rd8 15. Be7 Re8 16. Bd6 Nc6 17. c4 bxc4 18. Bxc4 Rd8 19. Bc7 Rf8 20. Bd6 Rd8 21. Rd2 Ne8 22. Bg3 Kf8 23. Rhd1 Ke7 24. e5 f6 25. f4 d5 26. exd6+ Nxd6 27. Be2 Nb4 28. Bf2 Nd5 29. Bc5 Kf7 30. Bxd6 Rxd6 31. Bf3 Ra7 32. f5 Rad7 33. fxe6+ 1-0

[Event "La Roda op 44th"]
[Site "La Roda"]
[Date "2017.04.15"]
[Round "6"]
[White "Escudero Manzano, Sergio"]
[Black "Cifuentes Parada, Roberto"]
[Result "0-1"]
[WhiteElo "2298"]
[BlackElo "2467"]
[PlyCount "126"]
[EventDate "2017.04.12"]
[EventType "swiss"]
[EventRounds "9"]
[EventCountry "ESP"]
[SourceTitle "CBM 177 Extra"]
[Source "ChessBase"]
[SourceDate "2017.04.27"]
[SourceVersion "1"]
[SourceVersionDate "2017.04.27"]
[SourceQuality "1"]

1. e4 c5 2. Nf3 Nc6 3. c4 g6 4. Nc3 Bg7 5. Be2 d6 6. 0-0 e5 7. a3 Nge7 8. Rb1 0-0 9. b4 b6 10. d3 h6 11. Ne1 f5 12. Nc2 f4 13. Bg4 h5 14. Bxc8 Rxc8 15. f3 g5 16. Nd5 Ng6 17. Bb2 Qd7 18. Qe2 Kh7 19. g3 Bh6 20. Qg2 Rf7 21. Kh1 Rcf8 22. Rf2 Nd8 23. Rg1 Ne6 24. Qh3 fxg3 25. hxg3 Rxf3 26. Rxf3 Rxf3 27. Qxh5 Ng7 28. Qh2 Ne7 29. Kg2 Rf8 30. Rh1 Ng8 31. Nce3 cxb4 32. axb4 Qa4 33. Ra1 Qd7 34. b5 Ne6 35. Nf5 Nc5 36. Nde7 Rxf5 37. Nxf5 Nxd3 38. Bc1 Qb7 39. Nxd6 Qd7 40. Ba3 Qg4 41. Rf1 Nf4+ 42. Kh1 Nh5 43. Kg2 Nf4+ 44. Kf2 Qe2+ 45. Kg1 Qe3+ 46. Kh1 Ne2 47. Rf7+ Kg6 48. Qf2 Nxg3+ 49. Kg2 Qxa3 50. Rd7 Nf6 51. Rc7 Qxd6 52. Rc6 Ngxe4 53. Rxd6 Nxf2 54. Kxf2 Bf8 55. Rc6 Bc5+ 56. Ke2 Kf5 57. Rc7 Ne4 58. Rxa7 Nd6 59. Kd3 e4+ 60. Ke2 Nxc4 61. Rf7+ Ke6 62. Rg7 Kf6 63. Rg8 Nd6 0-1

[Event "ESP-ch 81st"]
[Site "Linares"]
[Date "2016.08.11"]
[Round "7"]
[White "Escudero Manzano, Sergio"]
[Black "Garcia Martin, Marta"]
[Result "1-0"]
[WhiteElo "2290"]
[BlackElo "2229"]
[PlyCount "93"]
[EventDate "2016.08.05"]
[EventType "swiss"]
[EventRounds "9"]
[EventCountry "ESP"]
[SourceTitle "CBM 173 Extra"]
[Source "ChessBase"]
[SourceDate "2016.08.29"]
[SourceVersion "1"]
[SourceVersionDate "2016.08.29"]
[SourceQuality "1"]

1. e4 c5 2. Nf3 e6 3. c4 Nc6 4. Nc3 Nd4 5. Be2 Ne7 6. 0-0 Nec6 7. a3 Be7 8. Rb1 0-0 9. d3 a6 10. Be3 f5 11. exf5 Nxf5 12. d4 cxd4 13. Bxd4 Nfxd4 14. Nxd4 Qc7 15. Nxc6 bxc6 16. b4 Bd6 17. h3 Bh2+ 18. Kh1 Be5 19. Ne4 d5 20. Nc5 Bd6 21. Na4 Qf7 22. Qd2 Bc7 23. Rb3 Qe7 24. f4 Qh4 25. Rbf3 Bd6 26. Qe3 Rb8 27. Nb6 Qd8 28. c5 Bc7 29. Nxc8 Qxc8 30. Bd3 a5 31. bxa5 Bxa5 32. f5 Rf6 33. fxe6 Qxe6 34. Qg5 Rbf8 35. Bf5 Qe7 36. Qh4 h6 37. Qg4 Bc7 38. Be6+ Kh8 39. Rxf6 Rxf6 40. Re1 Qxc5 41. Bf5 Qf8 42. Bd3 c5 43. Qd7 Qd6 44. Re8+ Rf8 45. Qxc7 Qf6 46. Qb8 Kg8 47. Bh7+ 1-0

[Event "ESP-ch U16"]
[Site "Salobrena"]
[Date "2015.07.24"]
[Round "7"]
[White "Salagran Ferragut, Guillem"]
[Black "Escudero Manzano, Sergio"]
[Result "1/2-1/2"]
[WhiteElo "1983"]
[BlackElo "2153"]
[PlyCount "97"]
[EventDate "2015.07.20"]
[EventType "swiss"]
[EventRounds "9"]
[EventCountry "ESP"]
[SourceTitle "EXT 2016"]
[Source "ChessBase"]
[SourceDate "2015.10.08"]
[SourceVersion "1"]
[SourceVersionDate "2015.10.08"]
[SourceQuality "1"]

1. e4 c5 2. Nf3 e6 3. d4 cxd4 4. Nxd4 a6 5. c4 Nf6 6. Nc3 Bb4 7. Bd2 Bxc3 8. Bxc3 Nxe4 9. Qg4 Nxc3 10. Qxg7 Rf8 11. bxc3 Qa5 12. Nb3 Qf5 13. Qg3 Nc6 14. c5 b6 15. cxb6 Rb8 16. Be2 Rxb6 17. 0-0 Qe5 18. Qd3 Rg8 19. f4 Qg7 20. Bf3 Ne7 21. Rae1 Bb7 22. Bxb7 Rxb7 23. Re2 Rc7 24. Rf3 f5 25. Nd4 Kf7 26. Rg3 Qf6 27. Rh3 Rg7 28. Nf3 Nd5 29. Qd2 Kg8 30. Ne5 d6 31. c4 Nxf4 32. Qxf4 dxe5 33. Qxe5 Qxe5 34. Rxe5 Rxc4 35. Rhe3 Rcg4 36. Re2 Kf7 37. Ra5 f4 38. Rf2 Kf6 39. Rxa6 Kf5 40. Ra8 e5 41. a4 Ke4 42. Kf1 R4g6 43. Re2+ Kf5 44. a5 Rb7 45. Kf2 Rb3 46. Ra2 e4 47. Rf8+ Ke5 48. Re8+ Kf5 49. Rf8+ 1/2-1/2

[Event "ESP-ch U16"]
[Site "Salobrena"]
[Date "2015.07.23"]
[Round "6"]
[White "Escudero Manzano, Sergio"]
[Black "Portela Peleteiro, Alberto"]
[Result "1/2-1/2"]
[WhiteElo "2153"]
[BlackElo "2105"]
[PlyCount "71"]
[EventDate "2015.07.20"]
[EventType "swiss"]
[EventRounds "9"]
[EventCountry "ESP"]
[SourceTitle "EXT 2016"]
[Source "ChessBase"]
[SourceDate "2015.10.08"]
[SourceVersion "1"]
[SourceVersionDate "2015.10.08"]
[SourceQuality "1"]

1. e4 d6 2. d4 Nf6 3. Nc3 Nbd7 4. Bc4 e5 5. Nf3 Be7 6. h3 0-0 7. Be3 c6 8. a4 Nxe4 9. Nxe4 d5 10. Nxe5 Nxe5 11. dxe5 dxc4 12. 0-0 Qa5 13. Nd6 Qxe5 14. Nxc4 Qe4 15. Nd6 Bxd6 16. Qxd6 Qxc2 17. Rfe1 Be6 18. Bd4 Rad8 19. Qe5 Qg6 20. Ra3 Rd5 21. Qf4 Rg5 22. Rg3 Rxg3 23. fxg3 b6 24. Kh2 h6 25. Qc7 Bd5 26. Re2 Qd3 27. Qe5 f6 28. Qe3 Qxe3 29. Rxe3 Kf7 30. b4 Rc8 31. a5 c5 32. bxc5 bxc5 33. Rc3 a6 34. Rxc5 Rd8 35. Rc7+ Kg6 36. Bb6 1/2-1/2

[Event "ESP-ch U12"]
[Site "Salobrena"]
[Date "2012.07.06"]
[Round "7.3"]
[White "Gimenez Aguirre, Ismael Alejo"]
[Black "Escudero Manzano, Sergio"]
[Result "1-0"]
[WhiteElo "1872"]
[BlackElo "1789"]
[PlyCount "51"]
[EventDate "2012.07.02"]
[EventType "swiss"]
[EventRounds "9"]
[EventCountry "ESP"]
[SourceTitle "EXT 2024"]
[Source "ChessBase"]
[SourceDate "2023.10.10"]
[SourceVersion "1"]
[SourceVersionDate "2023.10.10"]
[SourceQuality "1"]

1. e4 c5 2. Nf3 Nc6 3. d4 cxd4 4. Nxd4 Nf6 5. Nc3 e5 6. Nde2 Bb4 7. Bd2 d5 8. exd5 Nxd5 9. Nxd5 Qxd5 10. Nc3 Qd8 11. Bd3 Be6 12. 0-0 0-0 13. Ne4 Bxd2 14. Qxd2 Bf5 15. Rad1 Bg6 16. c3 Qb6 17. Qe2 Rad8 18. Bb1 Rxd1 19. Rxd1 Rd8 20. Rxd8+ Qxd8 21. Qd3 Qb6 22. Qd7 h6 23. Qe8+ Kh7 24. Nf6+ gxf6 25. Qxf7+ Kh8 26. Bxg6 1-0

[Event "ESP-ch U12"]
[Site "Salobrena"]
[Date "2012.07.02"]
[Round "1.8"]
[White "Escudero Manzano, Sergio"]
[Black "Villacorta Nicolas, David"]
[Result "1-0"]
[WhiteElo "1789"]
[BlackElo "1422"]
[PlyCount "135"]
[EventDate "2012.07.02"]
[EventType "swiss"]
[EventRounds "9"]
[EventCountry "ESP"]
[SourceTitle "EXT 2024"]
[Source "ChessBase"]
[SourceDate "2023.10.10"]
[SourceVersion "1"]
[SourceVersionDate "2023.10.10"]
[SourceQuality "1"]

1. e4 e5 2. Nf3 Nc6 3. d4 exd4 4. Nxd4 Bc5 5. Nb3 Bb6 6. a4 a6 7. Nc3 Nf6 8. Be2 d6 9. Bg5 Ne5 10. Bh4 Ng6 11. Bg3 0-0 12. 0-0 Re8 13. Bf3 Rb8 14. Re1 Bd7 15. a5 Ba7 16. Nd4 Ne5 17. Be2 Nc6 18. Nxc6 Bxc6 19. Bf3 Nd7 20. Qd2 Ne5 21. Be2 Ng6 22. Bf3 Ne5 23. Be2 Ng6 24. Bc4 Ne5 25. Bd5 Qd7 26. Rad1 Rbd8 27. Kh1 Bxd5 28. Nxd5 Ng6 29. Qc3 Rc8 30. Qb4 Qc6 31. h4 Ne7 32. Nc3 Ng6 33. Qb3 Ne5 34. Nd5 Rb8 35. Nb4 Qc4 36. Nd5 Qxb3 37. cxb3 Rbc8 38. Bxe5 dxe5 39. Kg1 c6 40. Nb6 Bxb6 41. axb6 Rcd8 42. Kf1 Kf8 43. Ke2 Ke7 44. Kf3 h5 45. g4 Rxd1 46. Rxd1 g6 47. gxh5 gxh5 48. Rg1 Kf6 49. Rg5 Rh8 50. Ke3 Ke6 51. Kd3 Rd8+ 52. Ke3 Rh8 53. f4 exf4+ 54. Kxf4 Kf6 55. Rf5+ Kg6 56. e5 Rd8 57. Rf6+ Kg7 58. Rd6 Rb8 59. Rd7 Kg6 60. Re7 Kg7 61. Kg5 Kf8 62. Kf6 Kg8 63. Rxf7 Rf8 64. Rxf8+ Kxf8 65. b4 Ke8 66. Ke6 Kd8 67. Kf7 Kd7 68. e6+ 1-0

[Event "Benidorm New Generation U12 07th"]
[Site "Benidorm"]
[Date "2011.12.10"]
[Round "6.2"]
[White "Perez Garcia, Alejandro"]
[Black "Escudero Manzano, Sergio"]
[Result "1/2-1/2"]
[WhiteElo "1777"]
[BlackElo "1759"]
[PlyCount "35"]
[EventDate "2011.12.07"]
[EventType "swiss"]
[EventRounds "7"]
[EventCountry "ESP"]
[SourceTitle "EXT 2024"]
[Source "ChessBase"]
[SourceDate "2023.10.10"]
[SourceVersion "1"]
[SourceVersionDate "2023.10.10"]
[SourceQuality "1"]

1. d4 d5 2. Nf3 Nf6 3. e3 c5 4. b3 Bg4 5. Be2 Nbd7 6. Nbd2 e6 7. 0-0 Be7 8. Bb2 0-0 9. c4 Rc8 10. Rc1 Qa5 11. Bc3 Qb6 12. h3 Bh5 13. dxc5 Bxc5 14. b4 Be7 15. c5 Qd8 16. Nd4 Bxe2 17. Qxe2 e5 18. Nf5 1/2-1/2

[Event "Benidorm New Generation U12 07th"]
[Site "Benidorm"]
[Date "2011.12.08"]
[Round "2.3"]
[White "Martin Sala, David"]
[Black "Escudero Manzano, Sergio"]
[Result "0-1"]
[WhiteElo "1532"]
[BlackElo "1759"]
[PlyCount "90"]
[EventDate "2011.12.07"]
[EventType "swiss"]
[EventRounds "7"]
[EventCountry "ESP"]
[SourceTitle "EXT 2024"]
[Source "ChessBase"]
[SourceDate "2023.10.10"]
[SourceVersion "1"]
[SourceVersionDate "2023.10.10"]
[SourceQuality "1"]

1. c4 e6 2. g3 d5 3. Nc3 Nf6 4. Bg2 c5 5. d3 Nc6 6. Bd2 Be7 7. Nf3 0-0 8. 0-0 b6 9. Rb1 Qd7 10. Qc1 Bb7 11. h3 Rad8 12. Bf4 Bd6 13. Bg5 Be7 14. Bf4 Nh5 15. Nb5 Nxf4 16. Qxf4 a6 17. Nc3 Bf6 18. Qd2 Ne7 19. b3 Ng6 20. Na4 Qc6 21. Qc2 Rfe8 22. Nd2 Qc7 23. Nc3 h6 24. Rfe1 Be5 25. e3 Bf6 26. Nf3 Bc6 27. Na4 Qb7 28. Nh2 Ne5 29. Rbd1 dxc4 30. Bxc6 Qxc6 31. dxc4 Kh8 32. Qe2 b5 33. cxb5 axb5 34. Nc3 Nf3+ 35. Nxf3 Bxc3 36. Rf1 Ra8 37. Rd3 b4 38. Rc1 Qa6 39. Rc2 e5 40. Rd1 Qe6 41. Kh2 Ra3 42. Ne1 e4 43. f3 exf3 44. Qxf3 Qxe3 45. Re2 Qxe2+ 0-1

[Event "ESP-ch U12"]
[Site "Padron"]
[Date "2011.07.07"]
[Round "5"]
[White "Villemur Tamarit, Juan"]
[Black "Escudero Manzano, Sergio"]
[Result "0-1"]
[WhiteElo "1634"]
[BlackElo "1735"]
[PlyCount "42"]
[EventDate "2011.07.05"]
[EventType "swiss"]
[EventRounds "9"]
[EventCountry "ESP"]
[SourceTitle "EXT 2012"]
[Source "ChessBase"]
[SourceDate "2011.11.24"]
[SourceVersion "1"]
[SourceVersionDate "2011.11.24"]
[SourceQuality "1"]

1. e4 c5 2. Nf3 Nc6 3. d4 cxd4 4. Nxd4 Nf6 5. Nc3 e5 6. Nb3 Bb4 7. Bd3 d5 8. Bd2 Bxc3 9. Bxc3 dxe4 10. Bb5 Qc7 11. Na5 0-0 12. Nxc6 bxc6 13. Bc4 e3 14. f3 Nh5 15. g3 Qb6 16. Bb3 Ba6 17. Bxe5 Rad8 18. Qc1 Rd2 19. c4 Rfd8 20. Bc3 Rg2 21. Qb1 e2 0-1

[Event "Benidorm New Generation U12 06th"]
[Site "Benidorm"]
[Date "2010.12.06"]
[Round "3"]
[White "Cortes Cabeza, Cameron"]
[Black "Escudero Manzano, Sergio"]
[Result "0-1"]
[WhiteElo "1558"]
[BlackElo "1698"]
[PlyCount "58"]
[EventDate "2010.12.04"]
[EventType "swiss"]
[EventRounds "7"]
[EventCountry "ESP"]
[SourceTitle "EXT 2024"]
[Source "ChessBase"]
[SourceDate "2023.10.10"]
[SourceVersion "1"]
[SourceVersionDate "2023.10.10"]
[SourceQuality "1"]

1. e4 e5 2. Nf3 Nf6 3. Nc3 Nc6 4. h3 d5 5. exd5 Nxd5 6. Bb5 Nxc3 7. dxc3 Qxd1+ 8. Kxd1 Bd7 9. Re1 0-0-0 10. Ke2 f6 11. Be3 Bd6 12. a4 e4 13. Nd4 Nxd4+ 14. Bxd4 Be6 15. Kf1 a6 16. Be2 Rhg8 17. b4 f5 18. h4 h6 19. a5 Bxb4 20. Reb1 Be7 21. h5 f4 22. Rb2 Bd5 23. Bg4+ Kb8 24. Rab1 Ba3 25. Be6 Bxe6 26. Rxb7+ Kc8 27. Ke1 Kd7 28. Be5 Bd6 29. Rd1 Kc6 0-1

[Event "Benidorm New Generation U12 06th"]
[Site "Benidorm"]
[Date "2010.12.06"]
[Round "4"]
[White "Escudero Manzano, Sergio"]
[Black "Mandado Castelany, Marco"]
[Result "1-0"]
[WhiteElo "1698"]
[BlackElo "1634"]
[PlyCount "106"]
[EventDate "2010.12.04"]
[EventType "swiss"]
[EventRounds "7"]
[EventCountry "ESP"]
[SourceTitle "EXT 2024"]
[Source "ChessBase"]
[SourceDate "2023.10.10"]
[SourceVersion "1"]
[SourceVersionDate "2023.10.10"]
[SourceQuality "1"]

1. e4 e5 2. Nf3 Nf6 3. Nc3 Nc6 4. d4 exd4 5. Nxd4 Bb4 6. Nxc6 bxc6 7. Bd3 0-0 8. 0-0 d5 9. exd5 cxd5 10. Bg5 c6 11. Qf3 Qd6 12. a3 Ba5 13. Bf4 Qe6 14. h3 Re8 15. Rfe1 Qxe1+ 16. Rxe1 Rxe1+ 17. Kh2 Re8 18. Bg5 Bc7+ 19. g3 Bd8 20. Ne2 h6 21. Bf4 Bb6 22. Bxh6 Ng4+ 23. hxg4 gxh6 24. Nf4 Be6 25. Nh5 Bd4 26. Nf6+ Bxf6 27. Qxf6 Kf8 28. Qxh6+ Ke7 29. Qf4 Kd7 30. Qd4 Kc7 31. Qa4 Reb8 32. b3 a5 33. Bf5 Kd7 34. f4 Bxf5 35. gxf5 Re8 36. b4 axb4 37. Qxb4 f6 38. Qb7+ Kd6 39. Qf7 Rf8 40. Qe6+ Kc7 41. Qe7+ Kb6 42. g4 Rae8 43. Qb4+ Kc7 44. a4 Re2+ 45. Kg3 Ree8 46. g5 fxg5 47. Qa5+ Kd6 48. fxg5 Re3+ 49. Kg4 Re4+ 50. Kh5 Re1 51. f6 Rh8+ 52. Kg4 Re4+ 53. Kf3 Rh3+ 1-0

[Event "ESP-ch U10"]
[Site "Linares"]
[Date "2010.07.03"]
[Round "7.2"]
[White "Escudero Manzano, Sergio"]
[Black "Orantes Taboada, Francisco"]
[Result "1-0"]
[WhiteElo "1694"]
[BlackElo "1484"]
[PlyCount "57"]
[EventDate "2010.06.29"]
[EventType "swiss"]
[EventRounds "9"]
[EventCountry "ESP"]
[SourceTitle "EXT 2024"]
[Source "ChessBase"]
[SourceDate "2023.10.10"]
[SourceVersion "1"]
[SourceVersionDate "2023.10.10"]
[SourceQuality "1"]

1. e4 c5 2. Nf3 Nc6 3. Bb5 g6 4. 0-0 Bg7 5. c3 e5 6. d3 Nge7 7. Be3 Qb6 8. Qb3 d6 9. Nbd2 Be6 10. Nc4 Bxc4 11. Bxc4 Qxb3 12. Bxb3 b5 13. Rfd1 f5 14. Ng5 Na5 15. Ne6 Nxb3 16. axb3 Kf7 17. Nc7 Rab8 18. Rxa7 Rhc8 19. Nd5 Bf6 20. Rda1 Ke6 21. Nxf6 Kxf6 22. Bh6 c4 23. dxc4 bxc4 24. h4 Nc6 25. Bg5+ Ke6 26. Rxh7 Rxb3 27. f3 Rxb2 28. h5 gxh5 29. Raa7 1-0

[Event "ESP-ch U10"]
[Site "Linares"]
[Date "2010.07.02"]
[Round "6.1"]
[White "Escudero Manzano, Sergio"]
[Black "Lopez Mulet, Inigo"]
[Result "0-1"]
[WhiteElo "1694"]
[BlackElo "1848"]
[PlyCount "102"]
[EventDate "2010.06.29"]
[EventType "swiss"]
[EventRounds "9"]
[EventCountry "ESP"]
[SourceTitle "EXT 2024"]
[Source "ChessBase"]
[SourceDate "2023.10.10"]
[SourceVersion "1"]
[SourceVersionDate "2023.10.10"]
[SourceQuality "1"]

1. e4 c5 2. Nf3 Nc6 3. Bb5 e6 4. 0-0 Nge7 5. c3 a6 6. Ba4 b5 7. Bc2 Bb7 8. d4 cxd4 9. cxd4 Nb4 10. Re1 Nxc2 11. Qxc2 Rc8 12. Qd3 Nc6 13. a3 Be7 14. d5 Na5 15. d6 Bxd6 16. Qxd6 Nb3 17. Bg5 f6 18. Bxf6 Qxf6 19. Ra2 Rc6 20. Qb8+ Bc8 21. Nc3 0-0 22. Qg3 Qf4 23. Qxf4 Rxf4 24. Re3 Na5 25. Ne2 Rf8 26. b4 Nc4 27. Rc3 Bb7 28. e5 Rcc8 29. Ned4 Nxe5 30. Rac2 Rxc3 31. Rxc3 Bxf3 32. Nxf3 Nxf3+ 33. gxf3 Rf4 34. Rd3 d5 35. Kg2 Kf7 36. Kg3 g5 37. Rc3 Rc4 38. Rd3 h5 39. h3 h4+ 40. Kg2 Kf6 41. Re3 Kf5 42. Kh2 e5 43. Kg2 d4 44. Re4 Rc3 45. Re2 Rxa3 46. Re4 Rb3 47. Re2 Rxb4 48. Ra2 Ra4 49. Rb2 d3 50. Rb3 d2 51. Rd3 Rd4 0-1